000 00548nam a2200205Ia 4500
005 20250508150933.0
008 008 250505s9999 xx 000 0 eng d
037 _aTextual
040 _aFEDL
_beng
_cFEDL
041 _aeng
_2eng
084 _a150.195, LEW
_qFEDL
100 _aLewin Bertram D
_9757990
245 0 _aPsychoanalysis of Elation
260 _aLondon, UK
_bThe Hogarth Press
_c1951
300 _a200p
365 _aINR
_b12
650 _aPsychology
942 _cTEXL
_h150.195, LEW
999 _c1326594
_d1326594